| 000 | 02610nam a2200481 a 4500 | ||
|---|---|---|---|
| 003 | BLK | ||
| 005 | 20250227102947.0 | ||
| 008 | 180411b bul|||||r ||||||| ||bul|| | ||
| 010 | _aKNG00214866000 | ||
| 020 | _a978-619-90613-2-9 | ||
| 040 | _aBLK | ||
| 041 |
_aBUL _cBUL |
||
| 072 | 7 |
_2bullib _aН00 _xОбщ отдел Н |
|
| 080 |
_aЦели и значение на музеите. Възпитателни задачи на музиете. Вж и 371.335 ; 379.822 _b069.1 _x(497.2)(063) _z069.1(497.2)(063) |
||
| 139 |
_aМузейни експозиции и стандарти: поглед напред _bМ 95 |
||
| 245 | 1 | 0 |
_aМузейни експозиции и стандарти: поглед напред _bДокл. от конф., организирана от Двустранната бълг.-амер. комисия за опазване на културното наследство на България, София 28 и 29 ноем. 2016 : Прил. с докум. _cсъстав. и науч. ред. Тодор Тодоров Петев; състав. и науч. ред. Анжела Джийн Родел; прев. Иван Велков. |
| 257 | _aSB | ||
| 260 |
_bФонд. Моят музей _c2017 |
||
| 300 |
_a344 с. _bс цв. ил. _c23 см |
||
| 380 | _a0 | ||
| 500 | _aИмената на прев. отбелязани на гърба на загл. с. - Сб. е изд. по проект, финансиран от Програма "Култура" на Столична община. - Съдържа и Прил. - Библиогр. след отд. докл. и под линия. | ||
| 650 | 4 |
_aМузейно дело - България - конгреси, конференции, съвещания _9333487 |
|
| 651 | 4 |
_aБългария _9241624 |
|
| 653 | _aмузейно дело | ||
| 653 | _aмузейни експозиции | ||
| 653 | _aконференции | ||
| 659 | _aН | ||
| 700 | 1 |
_aПетев, Тодор Тодоров _d1970 - _gИзкуствовед, философ. _9108699 |
|
| 700 | 1 |
_aРодел, Анжела Джийн _eсъстав. и науч. ред. _9116574 |
|
| 700 | 1 |
_aВелков, Иван _eпрев. _9386600 |
|
| 852 | _aЦб 290158 | ||
| 852 |
_cЧ 06/М 95 _bЧ |
||
| 856 | 4 | _qpdf | |
| 856 | 4 | _qpdf | |
| 942 |
_cKNG _n0 |
||
| 944 |
_aCR _c16.12.2017 _lГеновева Генчева _k30560 |
||
| 944 |
_aED _c24.01.2018 _lф / _kЛюдмила_Стоянова |
||
| 999 |
_c205261 _d205261 |
||
| 999 | _d205261 | ||
| 999 | _d205261 | ||
| 999 | _d205261 | ||
| 999 | _d205261 | ||
| 999 | _d205261 | ||